00857nam a2200229 i 450000100060000000300090000600500170001500700030003200800410003510000270007624501610010325000130026426000530027730000260033074000320035674000240038874000280041274000280044085200210046899900170048995201210050658528ES-MaACL20230906163828.0t|031022s1918 fr ||||1| fre d1 aDuguit, Léon.94593610aManuel de droit constitutionnel b: ; Theorie generale de l'Etat ; Le droit et l'Etat ; Les libretes publiques ; Organisation politique / cpar Leon Duguit. a3eme ed. a[S.l. : bs.n., c1918] (eBordeaux : fCadoret) aXI, 589 p. ; c19 cm.0 aTheorie generale de l'Etat.3 aLe droit et l'Etat.4 aLes libertes publiques.0 aOrganisation politique. aES-MaACLjF-3222 c58528d58528 00104070aATENEOMbATENEOMcDEPO2d2008-01-17eSCl0oF-3222p1061409r2023-02-23 00:00:00w2023-02-23yMONOGRAFIA